[Event "AUTO-MASTER-1948"]
[Site "http://www.queenalice.com/game.php?id=1243232"]
[Date "2013.12.27"]
[Round "2"]
[White "kasparinov"]
[Black "vivafischer"]
[Result "1-0"]
[WhiteElo "1974"]
[BlackElo "2123"]

1. e4 e6 2. d3 d5 3. Nd2 Nf6 4. Ngf3 dxe4 5. dxe4 Bc5 6. Bc4 Nc6 7. O-O O-O 8.
Qe2 e5 9. Nb3 Bb6 10. a4 a6 11. Bg5 h6 12. Rad1 Qe7 13. Bh4 Be6 14. Bxe6 Qxe6
15. Rd2 g5 16. Bg3 Nh5 17. Kh1 Nf4 18. Qd1 Rad8 19. Re1 Rxd2 20. Nfxd2 Nd4 21.
Nxd4 Bxd4 22. c3 Bb6 23. Bxf4 gxf4 24. f3 Kh7 25. Qe2 Rd8 26. Nc4 Ba7 27. b4 f6
28. Na5 b6 29. Qxa6 1-0

[Event "AUTO-MASTER-1948"]
[Site "http://www.queenalice.com/game.php?id=1243233"]
[Date "2013.12.27"]
[Round "2"]
[White "vivafischer"]
[Black "kasparinov"]
[Result "1-0"]
[WhiteElo "2078"]
[BlackElo "1986"]

1. d4 Nf6 2. c4 e6 3. Nc3 d5 4. cxd5 exd5 5. Bg5 Be7 6. e3 h6 7. Bh4 O-O 8. Bd3
Be6 9. Qc2 Nbd7 10. Nge2 b6 11. O-O c5 12. dxc5 bxc5 13. Nf4 Ne5 14. Bf5 Qd7 15.
Nxe6 fxe6 16. Bh3 Nc6 17. Rad1 Nb4 18. Qg6 d4 19. a3 Nc6 20. Rfe1 Kh8 21. exd4
cxd4 22. Bxe6 Qb7 23. Bf5 1-0

[Event "AUTO-MASTER-2009"]
[Site "http://www.queenalice.com/game.php?id=1245368"]
[Date "2014.1.4"]
[Round "1"]
[White "kandido"]
[Black "kasparinov"]
[Result "1-0"]
[WhiteElo "2221"]
[BlackElo "2105"]

1. d4 Nf6 2. c4 e6 3. Nc3 d5 4. cxd5 exd5 5. Bg5 Be7 6. e3 h6 7. Bh4 O-O 8. Qc2
b6 9. Nf3 Bb7 10. Bd3 Nbd7 11. O-O 1-0

[Event "AUTO-MASTER-2009"]
[Site "http://www.queenalice.com/game.php?id=1245369"]
[Date "2014.1.4"]
[Round "1"]
[White "kasparinov"]
[Black "kandido"]
[Result "0-1"]
[WhiteElo "2095"]
[BlackElo "2230"]

1. e4 e5 2. Nf3 Nc6 3. Bc4 Bc5 4. c3 Nf6 5. d4 exd4 6. cxd4 Bb4+ 7. Nc3 Nxe4 8.
O-O Bxc3 9. d5 Ne5 10. bxc3 Nxc4 0-1

[Event "AUTO-MASTER-2009"]
[Site "http://www.queenalice.com/game.php?id=1245376"]
[Date "2014.1.4"]
[Round "1"]
[White "kasparinov"]
[Black "rich"]
[Result "0-1"]
[WhiteElo "1973"]
[BlackElo "2268"]

1. e4 c6 2. Nc3 d5 3. Qf3 dxe4 4. Nxe4 Nd7 5. d4 Ngf6 6. Bc4 e6 7. Bg5 Be7 8.
Ne2 Nxe4 9. Bxe7 Qxe7 10. Qxe4 Nf6 11. Qf3 O-O 12. O-O Qb4 13. Bb3 c5 14. dxc5
Qxc5 15. Nc3 Qc7 16. Rad1 Bd7 17. Rd4 Bc6 18. Qd3 Rad8 19. Rd1 Rxd4 20. Qxd4 a6
21. Na4 h6 22. Qb6 Qf4 23. Nc5 Qg4 24. f3 Bxf3 25. Rd2 Ne4 26. Nxe4 Bxe4 27. Qd4
Qg6 28. Re2 Bf5 29. Qb6 Be4 30. c3 Bc6 31. Bc4 Qg4 32. Bd3 h5 33. h3 Qa4 34. b3
Qa3 35. Rc2 Qd6 36. Qe3 Rd8 37. Be2 g6 38. Qg5 Qd5 39. Qg3 Qf5 40. Rb2 Qc5+ 0-1

[Event "AUTO-MASTER-2009"]
[Site "http://www.queenalice.com/game.php?id=1245377"]
[Date "2014.1.4"]
[Round "1"]
[White "rich"]
[Black "kasparinov"]
[Result "1/2-1/2"]
[WhiteElo "2171"]
[BlackElo "2002"]

1. d4 Nf6 2. c4 e6 3. Nc3 d5 4. Nf3 Be7 5. Bf4 O-O 6. e3 h6 7. Bd3 b6 8. O-O Bb7
9. Qc2 Nbd7 10. Rac1 c5 11. Rfd1 cxd4 12. exd4 dxc4 13. Bxc4 Rc8 14. Qe2 Bxf3
15. gxf3 Nb8 16. d5 exd5 17. Bxb8 Rxb8 18. Nxd5 Nxd5 19. Bxd5 Bd6 20. Qe4 Qg5+
21. Qg4 Qe5 22. Qg3 Qf6 23. Bxf7+ Rxf7 24. Rxd6 Qxf3 25. Rc3 Qxg3+ 26. Rxg3 Rbf8
27. Rg2 Re8 28. h4 Re4 29. Rxh6 Re1+ 30. Kh2 Rxf2 31. Rg6 1/2-1/2

[Event "AUTO-OPEN-3032"]
[Site "http://www.queenalice.com/game.php?id=1246254"]
[Date "2014.1.8"]
[Round "2"]
[White "Lucio1973"]
[Black "kasparinov"]
[Result "1-0"]
[WhiteElo "1984"]
[BlackElo "2027"]

1. e4 Nf6 2. e5 Nd5 3. d4 d6 4. c4 Nb6 5. exd6 exd6 6. Nf3 Bg4 7. Be2 Nc6 8. O-O
Be7 9. b3 Bf6 10. Bb2 O-O 11. Qd3 Bh5 12. a3 Re8 13. Nbd2 Kh8 14. Rfe1 Bg6 15.
Qc3 Qd7 16. Qc1 Ne7 17. d5 Bxb2 18. Qxb2 Ng8 19. Qc3 Nf6 20. Bd3 Rxe1+ 21. Rxe1
Re8 22. h3 Rxe1+ 23. Nxe1 Qe7 24. Nef3 Nbd7 25. Bxg6 hxg6 26. Qd3 Nh5 27. g3 Ne5
28. Kg2 Qf6 29. Qe3 Qf5 30. g4 Nxg4 31. hxg4 Qxg4+ 32. Kf1 Nf4 33. Qe8+ Kh7 34.
Ke1 Qg2 35. Kd1 Qxf2 36. Qxf7 1-0

[Event "AUTO-OPEN-3032"]
[Site "http://www.queenalice.com/game.php?id=1246255"]
[Date "2014.1.8"]
[Round "2"]
[White "kasparinov"]
[Black "Lucio1973"]
[Result "1/2-1/2"]
[WhiteElo "1990"]
[BlackElo "1999"]

1. e4 e6 2. d3 d5 3. Nd2 Bd7 4. Ngf3 Bc6 5. g3 dxe4 6. dxe4 Nf6 7. Qe2 Be7 8.
Bg2 O-O 9. O-O Nbd7 10. h4 Bc5 11. e5 Nd5 12. Ne4 Bb6 13. Nfg5 h6 14. Qh5 Bd4
15. Nf3 Bc5 16. Nxc5 Nxc5 17. Bxh6 gxh6 18. Qxh6 f6 19. Qg6+ Kh8 20. Qh6+ Kg8
21. Qg6+ Kh8 22. Qh6+ Kg8 1/2-1/2

[Event "AUTO-OPEN-3032"]
[Site "http://www.queenalice.com/game.php?id=1246262"]
[Date "2014.1.8"]
[Round "2"]
[White "kasparinov"]
[Black "hune"]
[Result "0-1"]
[WhiteElo "2009"]
[BlackElo "1939"]

1. e4 c5 2. d4 cxd4 3. c3 dxc3 4. Nxc3 Nc6 5. Nf3 d6 6. Bc4 e6 7. O-O Nf6 8. Qe2
Be7 9. Rd1 e5 10. Be3 O-O 11. b4 Be6 12. Bxe6 fxe6 13. Qc4 Qc8 14. Rac1 Nd4 15.
Qd3 Nxf3+ 16. gxf3 Qe8 17. Nb5 Qg6+ 18. Kh1 Qh5 19. Bd2 d5 20. Nc7 dxe4 21. Qe3
Rad8 22. Be1 exf3 0-1

[Event "AUTO-OPEN-3032"]
[Site "http://www.queenalice.com/game.php?id=1246263"]
[Date "2014.1.8"]
[Round "2"]
[White "hune"]
[Black "kasparinov"]
[Result "1-0"]
[WhiteElo "1869"]
[BlackElo "2008"]

1. e4 Nf6 2. e5 Nd5 3. d4 d6 4. Nf3 dxe5 5. Nxe5 c6 6. Bc4 Be6 7. O-O Nd7 8. Nf3
N7b6 9. Bb3 h6 10. Re1 a5 11. Rxe6 fxe6 12. Ne5 1-0

[Event "AUTO-MASTER-2063"]
[Site "http://www.queenalice.com/game.php?id=1270597"]
[Date "2014.4.5"]
[Round "1"]
[White "TorresR"]
[Black "kasparinov"]
[Result "0-1"]
[WhiteElo "1855"]
[BlackElo "1992"]

1. e4 Nf6 2. e5 Nd5 3. d4 d6 4. c4 Nb6 5. Bd3 dxe5 6. Nf3 exd4 7. O-O Bg4 8. Re1
e6 9. Nbd2 Bb4 10. a3 Bxd2 11. Bxd2 c5 12. b4 N8d7 13. Rb1 O-O 14. Qc2 h6 15.
Ne5 Nxe5 16. Rxe5 Nd7 17. Re4 Bf5 18. Rf4 Bxd3 19. Qxd3 b6 20. Qh3 Ne5 21. Re4
Ng6 22. Bxh6 gxh6 23. Qxh6 Qf6 24. Rh4 Qxh4 0-1

[Event "AUTO-MASTER-2063"]
[Site "http://www.queenalice.com/game.php?id=1270598"]
[Date "2014.4.5"]
[Round "1"]
[White "kasparinov"]
[Black "TorresR"]
[Result "1-0"]
[WhiteElo "2003"]
[BlackElo "1824"]

1. e4 Nc6 2. d4 e5 3. d5 Nce7 4. d6 cxd6 5. Qxd6 Ng6 6. Qd3 Bb4+ 7. Nc3 Bxc3+ 8.
Qxc3 d6 9. Nf3 Nf6 10. Bb5+ Bd7 11. Qb4 O-O 12. Bg5 h6 13. Bxf6 gxf6 14. Bxd7
Qxd7 15. O-O-O Rfd8 16. Rd2 Rac8 17. Rhd1 Rc6 18. h3 Rb6 19. Qa3 Ra6 20. Qb3 Nf4
21. Nh4 Rb6 22. Qg3+ Kh7 23. Nf5 Ng6 24. Qe3 Qb5 25. Qxh6+ Kg8 26. Qg7# 1-0

[Event "AUTO-MASTER-2063"]
[Site "http://www.queenalice.com/game.php?id=1270611"]
[Date "2014.4.5"]
[Round "1"]
[White "FabioSelinger"]
[Black "kasparinov"]
[Result "1-0"]
[WhiteElo "2080"]
[BlackElo "1990"]

1. e4 Nf6 2. d3 e5 3. Nc3 Be7 4. Nf3 d6 5. Be2 h6 6. O-O c6 7. h3 O-O 8. Nh2 Be6
9. f4 exf4 10. Bxf4 Nbd7 11. Qd2 Ne5 12. d4 Nc4 13. Qc1 Qb6 14. Kh1 Qxd4 15. Bd3
Nd7 16. Ne2 Qxb2 17. Qxb2 Nxb2 18. Rab1 Nxd3 19. cxd3 1-0

[Event "AUTO-MASTER-2063"]
[Site "http://www.queenalice.com/game.php?id=1270612"]
[Date "2014.4.5"]
[Round "1"]
[White "kasparinov"]
[Black "FabioSelinger"]
[Result "0-1"]
[WhiteElo "1978"]
[BlackElo "2092"]

1. e4 c5 2. d4 cxd4 3. c3 d5 4. exd5 dxc3 5. Nxc3 Nf6 6. Bb5+ Bd7 7. Qa4 Bxb5 8.
Qxb5+ Qd7 9. Bf4 a6 10. Qa5 g6 11. Nf3 Bg7 12. O-O O-O 13. Rac1 Qf5 14. Be3 Nc6
15. Qc5 Ne5 16. Nd4 Qd7 17. Rfd1 Rac8 18. Qa5 Nc4 19. Qb4 Nxe3 0-1

[Event "AUTO-MASTER-2063"]
[Site "http://www.queenalice.com/game.php?id=1270621"]
[Date "2014.4.5"]
[Round "1"]
[White "kasparinov"]
[Black "Near"]
[Result "1-0"]
[WhiteElo "1981"]
[BlackElo "1860"]

1. e4 c6 2. Nc3 d5 3. Qf3 dxe4 4. Nxe4 Nf6 5. Bc4 e6 6. Nxf6+ Qxf6 7. c3 Bd6 8.
d4 Nd7 9. Be3 O-O 10. Ne2 Qxf3 11. gxf3 b6 12. Kd2 1-0

[Event "AUTO-MASTER-2063"]
[Site "http://www.queenalice.com/game.php?id=1270622"]
[Date "2014.4.5"]
[Round "1"]
[White "Near"]
[Black "kasparinov"]
[Result "0-1"]
[WhiteElo "1872"]
[BlackElo "1969"]

1. Nf3 Nf6 2. g3 d5 3. Bg2 c5 4. c4 e6 5. O-O Nc6 6. cxd5 exd5 7. d4 cxd4 8.
Nxd4 Bc5 9. Nb3 Bb6 10. e3 O-O 11. Nc3 Be6 12. Qe2 Qe7 0-1

[Event "AUTO-MASTER-2124"]
[Site "http://www.queenalice.com/game.php?id=1295758"]
[Date "2014.7.19"]
[Round "1"]
[White "MarceloPadre"]
[Black "kasparinov"]
[Result "1-0"]
[WhiteElo "2062"]
[BlackElo "2056"]

1. d4 Nf6 2. c4 e6 3. Nf3 d5 4. Nc3 b6 5. e3 Be7 6. Bd3 O-O 7. O-O Bb7 8. Ne5
Nbd7 9. f4 c5 10. cxd5 exd5 11. Bd2 a5 12. a4 Rc8 13. Nb5 c4 14. Bf5 g6 15. Bh3
Rb8 16. b3 Nxe5 17. fxe5 Ne4 18. bxc4 dxc4 19. Rc1 Bd5 20. Nc3 Ng5 21. Bg4 h5
22. Bf3 Bxf3 23. gxf3 Bb4 24. Nb5 Bxd2 25. Qxd2 Rc8 26. Nd6 Rc6 27. Nxc4 Rxc4
28. Rxc4 Qd5 29. Qe2 f6 30. e4 Qe6 31. exf6 Rxf6 32. d5 Qe5 33. Qe3 Nh3+ 34. Kh1
Nf4 35. Qd4 1-0

[Event "AUTO-MASTER-2124"]
[Site "http://www.queenalice.com/game.php?id=1295759"]
[Date "2014.7.19"]
[Round "1"]
[White "kasparinov"]
[Black "MarceloPadre"]
[Result "0-1"]
[WhiteElo "2030"]
[BlackElo "2089"]

1. e4 e5 2. Nf3 Qe7 3. Bc4 g6 4. Nc3 c6 5. O-O Bg7 6. d4 d6 7. dxe5 dxe5 8. Bg5
Nf6 9. Qd2 h6 10. Be3 Qc7 11. Bc5 Bf8 12. Bxf8 Kxf8 13. Rad1 Kg7 14. Qd6 Qxd6
15. Rxd6 Re8 16. Rfd1 Bg4 17. Rd8 Nbd7 18. Rxa8 Rxa8 19. h3 Bxf3 20. gxf3 Kf8
21. Ne2 Ke7 22. c3 b5 23. Bb3 Nc5 24. Kf1 Ne8 25. Bc2 Rd8 26. Rxd8 Kxd8 27. f4
exf4 28. Nxf4 Nd6 29. f3 Nc4 30. Ke2 Nxb2 31. Bb3 Ke7 32. Ke3 a5 33. Kd4 Nba4
34. e5 g5 35. Nh5 Nxb3+ 36. axb3 Nb2 37. Ng3 a4 38. bxa4 bxa4 39. Nf5+ Kf8 40.
Ne3 Ke7 41. Nc2 Ke6 42. c4 h5 43. Nb4 a3 0-1

[Event "AUTO-MASTER-2124"]
[Site "http://www.queenalice.com/game.php?id=1295772"]
[Date "2014.7.19"]
[Round "1"]
[White "kasparinov"]
[Black "monok"]
[Result "1-0"]
[WhiteElo "2016"]
[BlackElo "1751"]

1. e4 c5 2. d4 cxd4 3. c3 dxc3 4. Nxc3 e5 5. Nf3 Nc6 6. Bc4 Bb4 7. O-O Nf6 8.
Bg5 O-O 9. Bxf6 Qxf6 10. Nd5 Qd6 11. a3 Ba5 12. b4 Bd8 13. Qb3 Qg6 14. Rfe1 d6
15. Rad1 Be6 16. Qe3 h5 17. Rd3 h4 18. h3 Rc8 19. Bb3 Bxd5 20. Bxd5 Bb6 21. Qd2
Qh5 22. Qg5 Qxg5 23. Nxg5 Rc7 24. Nf3 Ne7 25. Nxh4 Nxd5 26. Rxd5 Rc2 27. Rf1
Rfc8 28. Nf5 R8c3 29. a4 Re2 30. a5 Bc7 31. Ne3 Rb3 32. Rc1 Rbb2 33. Rxc7 Rb1+
34. Kh2 Rxb4 35. Rxd6 Rxf2 36. Rd8+ 1-0

[Event "AUTO-MASTER-2124"]
[Site "http://www.queenalice.com/game.php?id=1295773"]
[Date "2014.7.19"]
[Round "1"]
[White "monok"]
[Black "kasparinov"]
[Result "0-1"]
[WhiteElo "1746"]
[BlackElo "2021"]

1. d4 Nf6 2. c4 e6 3. Nc3 d5 4. Bg5 Be7 5. e3 h6 6. Bh4 b6 7. cxd5 exd5 8. Nf3
O-O 9. Bd3 Bb7 10. O-O c5 11. Rc1 Nbd7 12. Qe2 Rc8 13. Rfd1 Re8 14. Ba6 Bxa6 15.
Qxa6 Ra8 16. Ne5 Qc8 17. Qxc8 Raxc8 18. Nxd7 Nxd7 19. Bxe7 Rxe7 20. Nxd5 Ree8
21. h3 Kf8 22. Rc2 cxd4 23. Rxc8 Rxc8 24. exd4 Rc2 25. Nc3 Rxb2 26. d5 Rc2 27.
Rd3 a6 28. a4 Nc5 29. Re3 Rd2 30. Kf1 Rd4 31. Ke2 Nxa4 32. Nxa4 Rxa4 33. Kd3 Ra2
34. d6 Ra3+ 35. Kc4 Rxe3 36. fxe3 Ke8 37. e4 Kd7 38. Kd5 f6 0-1